000 00517nam a2200193Ia 4500
005 20250508154300.0
008 008 250505s9999 xx 000 0 eng d
037 _aTextual
040 _aFEDL
_beng
_cFEDL
041 _aeng
_2eng
084 _a330.18, JOH
_qFEDL
100 _aJohnston J.
245 0 _aEconometic methods
260 _aNew York, USA
_bMcGraw Hill Book Company
_c1963
300 _axiii,300p.
650 _aEconomics
942 _cTEXL
_h330.18, JOH
999 _c1349349
_d1349349